Famous People by Pictures - U, V, W - Statistics

General Stats
  • This quiz has been taken 60 times
  • The average score is 7 of 15
Answer Stats
Picture Answer % Correct
Will Smith
96%
William
89%
Willow Smith
81%
Usain Bolt
80%
Whitney Houston
70%
Woody Allen
70%
Victoria Beckham
57%
Winona Ryder
54%
Uma Thurman
50%
Victoria Justice
24%
Vanessa Hudgens
22%
V
17%
Victoria De Angelis
4%
Vernon
0%
Winter
0%
No matching quizzes found
Score Distribution
Percent of People with Each Score
Percentile by Number Answered
Your Score History
You have not taken this quiz